| 000 | 00403nam a2200169Ia 4500 | ||
|---|---|---|---|
| 008 | 210210b1966 xxu||||| |||| 00| 0 eng d | ||
| 041 | _aeng | ||
| 082 | _a320/444 | ||
| 100 | _aPANTER-BRICK (S) | ||
| 245 | _aGandhi against Machiavellism | ||
| 260 |
_a _bNot Mentioned _c1966 |
||
| 650 | _aMachiavellism | ||
| 650 | _aGandhi | ||
| 650 | _aagainst | ||
| 690 | _aPolitical Science | ||
| 906 | _a003088 | ||
| 999 |
_c118421 _d118421 |
||